00374nam a22001097a 4500008004100000040005500041080002500096245005100121260005800172650002300230653001100253230612b |||||||| |||| 00| 0 eng d aNational Science LibrarycNational Science Library aR 620.91(084.4) bJ6 aPower atlas of India c/ C.W. & P. Commission  aNew Delhi: bCentral Water & Power Commission, c1956 aMaterials testing  aAtlas